[Event "Vojvodina-chT (Women) 29th"]
[Site "Novi Sad"]
[Date "2023.11.12"]
[Round "5.1"]
[White "Grujic, Danijela"]
[Black "Stanimirovic, Marija"]
[Result "1-0"]
[WhiteElo "2003"]
[BlackElo "1862"]
[PlyCount "111"]
[EventDate "2023.11.09"]
[EventType "team-swiss"]
[EventRounds "5"]
[EventCountry "SRB"]
[SourceTitle "CB46_2023"]
[SourceDate "2023.11.15"]
[SourceVersion "1"]
[SourceVersionDate "2023.11.15"]
[SourceQuality "1"]
[WhiteTeam "Sombor CC (W)"]
[BlackTeam "Vlajkovac Progresul (W)"]
[WhiteTeamCountry "SRB"]
[BlackTeamCountry "SRB"]

1. e4 c5 2. Nf3 d6 3. c3 Nf6 4. h3 e6 5. Bd3 Be7 6. Bc2 0-0 7. 0-0 b5 8. d4 cxd4 9. cxd4 Bb7 10. Re1 Nc6 11. a3 Rc8 12. Nc3 a6 13. Bf4 Qb6 14. Qd3 g6 15. b4 Qc7 16. Bd2 Nd7 17. Bb3 Nb6 18. d5 exd5 19. Nxd5 Nxd5 20. exd5 Ne5 21. Nxe5 dxe5 22. Rac1 Qb8 23. Be3 Bd6 24. Bh6 Rxc1 25. Rxc1 Rc8 26. Rxc8+ Qxc8 27. Qe3 Qd8 28. Bg5 f6 29. Qa7 Qc7 30. Be3 e4 31. Bc5 Bh2+ 32. Kh1 Kh8 33. d6 Bxd6 34. Bxd6 Qc1+ 35. Kh2 Qc6 36. Qb8+ Qc8 37. Qxc8+ Bxc8 38. Bd5 Kg7 39. Bxe4 Kf7 40. Bd5+ Ke8 41. Kg3 Kd7 42. Bc5 Ke8 43. h4 Kd7 44. Kf4 Ke8 45. g4 h6 46. g5 hxg5+ 47. hxg5 fxg5+ 48. Kxg5 Bf5 49. Bb7 Kd7 50. Kf4 Bc2 51. Bxa6 Kc6 52. Bc8 Kd5 53. Bb7+ Ke6 54. Bc6 Ba4 55. Kg5 Ke5 56. f4+ 1-0

[Event "SRB-chT (Women)"]
[Site "Valjevo"]
[Date "2020.09.29"]
[Round "6.4"]
[White "Nestorovic, Katarina"]
[Black "Grujic, Danijela"]
[Result "0-1"]
[WhiteElo "2082"]
[BlackElo "2016"]
[PlyCount "102"]
[EventDate "2020.09.25"]
[EventType "team-tourn"]
[EventRounds "11"]
[EventCountry "SRB"]
[SourceTitle "CBM 198 Extra"]
[Source "ChessBase"]
[SourceDate "2020.11.30"]
[SourceVersion "1"]
[SourceVersionDate "2020.11.30"]
[SourceQuality "1"]
[WhiteTeam "Sremska Mitrovica Sirmium (W)"]
[BlackTeam "Sombor (W)"]
[WhiteTeamCountry "SRB"]
[BlackTeamCountry "SRB"]

1. e4 c5 2. Nf3 Nc6 3. d4 cxd4 4. Nxd4 g6 5. c4 Bg7 6. Be3 Nf6 7. Nc3 Ng4 8. Qxg4 Nxd4 9. Qd1 Ne6 10. Qd2 Qa5 11. Be2 d6 12. 0-0 Bd7 13. Rfd1 Bxc3 14. bxc3 Bc6 15. f3 0-0 16. Kh1 b6 17. Bd3 Rac8 18. Bh6 Rfe8 19. Rab1 Qh5 20. g4 Qh3 21. Qe3 f6 22. Bf4 Nxf4 23. Qxf4 Kg7 24. Rg1 Qh6 25. g5 fxg5 26. Qg4 Qh4 27. Qxg5 Qxg5 28. Rxg5 Rf8 29. Kg2 Rc7 30. h4 e5 31. Rg3 Be8 32. h5 Bf7 33. hxg6 hxg6 34. Rh3 Bxc4 35. Bxc4 Rxc4 36. Rbh1 Rxc3 37. Rh7+ Kf6 38. Rxa7 Kg5 39. Rf1 Kf4 40. Ra6 Rc2+ 41. Rf2 Rxf2+ 42. Kxf2 Rc8 43. Rxb6 Rc2+ 44. Ke1 Kxf3 45. Rxd6 g5 46. a4 Ra2 47. Ra6 g4 48. a5 g3 49. Rf6+ Kxe4 50. Rg6 g2 51. a6 Kf3 0-1

[Event "SRB-chT (Women)"]
[Site "Valjevo"]
[Date "2020.09.27"]
[Round "4.3"]
[White "Grujic, Danijela"]
[Black "Arsovic, Jelena"]
[Result "0-1"]
[WhiteElo "2016"]
[BlackElo "2015"]
[PlyCount "98"]
[EventDate "2020.09.25"]
[EventType "team-tourn"]
[EventRounds "11"]
[EventCountry "SRB"]
[SourceTitle "CBM 198 Extra"]
[Source "ChessBase"]
[SourceDate "2020.11.30"]
[SourceVersion "1"]
[SourceVersionDate "2020.11.30"]
[SourceQuality "1"]
[WhiteTeam "Sombor (W)"]
[BlackTeam "Kac Jugovic (W)"]
[WhiteTeamCountry "SRB"]
[BlackTeamCountry "SRB"]

1. e4 c6 2. d4 d5 3. Nc3 dxe4 4. Nxe4 Bf5 5. Ng3 Bg6 6. h4 h6 7. Bc4 e6 8. c3 Nf6 9. Qf3 Bd6 10. N1e2 Nbd7 11. 0-0 Nb6 12. Bb3 a5 13. a4 0-0 14. Nf4 Bh7 15. Re1 Nbd5 16. Nd3 Nd7 17. Ne4 Bc7 18. c4 N5f6 19. Ng3 Bxd3 20. Qxd3 Nc5 21. Qc3 Nxb3 22. Qxb3 Qxd4 23. Be3 Qxh4 24. Qxb7 Bxg3 25. fxg3 Qxg3 26. Bf2 Qf4 27. g3 Qxc4 28. Rec1 Qe2 29. Qxc6 Ne4 30. Rc2 Qd3 31. Qc4 Nxf2 32. Kxf2 Qxc4 33. Rxc4 Rfb8 34. Rc2 Rb4 35. Ra3 g5 36. b3 Kg7 37. Rc4 Rb6 38. Rc5 Rd6 39. Ke2 f5 40. Rb5 Rd4 41. Ra2 h5 42. Rc2 h4 43. gxh4 Rxh4 44. Rc4 Rh2+ 45. Kd3 g4 46. Rc7+ Kf6 47. Rbb7 Rd8+ 48. Ke3 Rd5 49. b4 Ke5 0-1

[Event "SRB-chT (Women)"]
[Site "Subotica"]
[Date "2019.08.28"]
[Round "7.2"]
[White "Grujic, Danijela"]
[Black "Djukic, Sandra"]
[Result "0-1"]
[WhiteElo "2033"]
[BlackElo "2179"]
[PlyCount "82"]
[EventDate "2019.08.22"]
[EventType "team-tourn"]
[EventRounds "11"]
[EventCountry "SRB"]
[SourceTitle "EXT 2020"]
[Source "ChessBase"]
[SourceDate "2019.10.17"]
[SourceVersion "1"]
[SourceVersionDate "2019.10.17"]
[SourceQuality "1"]
[WhiteTeam "Sombor (W)"]
[BlackTeam "Rudovci Radnicki (W)"]
[WhiteTeamCountry "SRB"]
[BlackTeamCountry "SRB"]

1. e4 c5 2. Nc3 Nc6 3. g3 g6 4. d3 Bg7 5. Be3 d6 6. Bg2 Nf6 7. h3 Rb8 8. Qd2 Nd4 9. Nd1 0-0 10. c3 Nc6 11. Ne2 b6 12. Bh6 Ba6 13. Bxg7 Kxg7 14. Ne3 e6 15. c4 Nd4 16. 0-0 Nxe2+ 17. Qxe2 Ng8 18. f4 f5 19. g4 Qh4 20. Rae1 Bc8 21. Qd2 h6 22. exf5 exf5 23. gxf5 Bxf5 24. Nxf5+ Rxf5 25. Re6 Rbf8 26. Qc3+ Nf6 27. Rxd6 Rxf4 28. Rxf4 Qxf4 29. Rd7+ Rf7 30. Rd8 Re7 31. Be4 Qg3+ 32. Kf1 Qxh3+ 33. Kg1 Qg3+ 34. Kf1 Qf4+ 35. Ke2 h5 36. b4 h4 37. bxc5 bxc5 38. Kd1 h3 39. Rc8 h2 40. Rc6 Rxe4 41. dxe4 h1Q+ 0-1

[Event "SRB-chT (Women)"]
[Site "Novi Sad"]
[Date "2017.09.02"]
[Round "2.3"]
[White "Gaponenko, Inna"]
[Black "Grujic, Danijela"]
[Result "1-0"]
[WhiteElo "2437"]
[BlackElo "2063"]
[PlyCount "44"]
[EventDate "2017.09.01"]
[EventType "team-tourn"]
[EventRounds "11"]
[EventCountry "SRB"]
[SourceTitle "CBM 180 Extra"]
[Source "ChessBase"]
[SourceDate "2017.10.06"]
[SourceVersion "1"]
[SourceVersionDate "2017.10.06"]
[SourceQuality "1"]
[WhiteTeam "Belgrade Bas (W)"]
[BlackTeam "Novi Sad CC (W)"]
[WhiteTeamCountry "SRB"]
[BlackTeamCountry "SRB"]

1. e4 c5 2. Nf3 Nc6 3. d4 cxd4 4. Nxd4 g6 5. c4 Bg7 6. Be3 Nf6 7. Nc3 Ng4 8. Qxg4 Nxd4 9. Qd1 Ne6 10. Rc1 Qa5 11. Be2 d6 12. 0-0 Bd7 13. f3 Bc6 14. Rf2 g5 15. Bf1 Rc8 16. Nd5 Be5 17. g3 Rg8 18. Kh1 Ng7 19. Bd2 Qc5 20. Qe1 Bd4 21. Rg2 Bxb2 22. Bb4 Qd4 1-0

[Event "SRB-chT (Women)"]
[Site "Kragujevac"]
[Date "2016.10.01"]
[Round "10.1"]
[White "Zarkovic, Mila"]
[Black "Grujic, Danijela"]
[Result "1-0"]
[WhiteElo "2178"]
[BlackElo "2090"]
[PlyCount "67"]
[EventDate "2016.09.22"]
[EventType "team-tourn"]
[EventRounds "11"]
[EventCountry "SRB"]
[SourceTitle "CBM 174 Extra"]
[Source "ChessBase"]
[SourceDate "2016.10.10"]
[SourceVersion "1"]
[SourceVersionDate "2016.10.10"]
[SourceQuality "1"]
[WhiteTeam "Rad (W)"]
[BlackTeam "Novi Sad (W)"]
[WhiteTeamCountry "SRB"]
[BlackTeamCountry "SRB"]

1. e4 c5 2. Nf3 Nc6 3. Nc3 g6 4. d4 cxd4 5. Nxd4 Bg7 6. Be3 Nf6 7. Nxc6 bxc6 8. e5 Ng8 9. f4 Nh6 10. Qd2 Nf5 11. Bf2 Qa5 12. g4 Nh6 13. h3 Rb8 14. Bc4 0-0 15. 0-0-0 d5 16. Bb3 Kh8 17. Rhg1 f6 18. exf6 exf6 19. Be3 Nf7 20. h4 g5 21. hxg5 fxg5 22. Bd4 Qb4 23. Bxa7 Ra8 24. Bd4 gxf4 25. Qf2 Nd6 26. Bxg7+ Kxg7 27. a3 Rxa3 28. Na2 Ne4 29. Qh2 Kg8 30. bxa3 Qxa3+ 31. Kb1 f3 32. Rd4 Be6 33. Rd3 Rb8 34. Qxb8+ 1-0

[Event "SRB-chT (Women)"]
[Site "Kragujevac"]
[Date "2016.09.30"]
[Round "9.4"]
[White "Grujic, Danijela"]
[Black "Rakic, Marija"]
[Result "0-1"]
[WhiteElo "2090"]
[BlackElo "2349"]
[PlyCount "82"]
[EventDate "2016.09.22"]
[EventType "team-tourn"]
[EventRounds "11"]
[EventCountry "SRB"]
[SourceTitle "CBM 174 Extra"]
[Source "ChessBase"]
[SourceDate "2016.10.10"]
[SourceVersion "1"]
[SourceVersionDate "2016.10.10"]
[SourceQuality "1"]
[WhiteTeam "Novi Sad (W)"]
[BlackTeam "Jelica PEP (W)"]
[WhiteTeamCountry "SRB"]
[BlackTeamCountry "SRB"]

1. e4 c5 2. c4 g6 3. Nc3 Bg7 4. Nf3 Nf6 5. d3 d6 6. Be2 Nc6 7. h3 0-0 8. 0-0 a6 9. Be3 Qc7 10. Qd2 Rb8 11. Bh6 b5 12. Bxg7 Kxg7 13. b3 Qa5 14. Qb2 e5 15. Rfe1 Be6 16. Ng5 Nd4 17. Qc1 h6 18. Nxe6+ Nxe6 19. Nd5 Nxd5 20. cxd5 Nd4 21. h4 Qd8 22. g3 h5 23. Kg2 f5 24. exf5 Rxf5 25. Bd1 Qg8 26. Qe3 Qxd5+ 27. Qe4 Qxe4+ 28. dxe4 Rf7 29. Rb1 Rbf8 30. Rf1 c4 31. bxc4 bxc4 32. Rc1 Rc7 33. Rc3 Nb5 34. Rc1 c3 35. f4 Nd4 36. Rf2 c2 37. Rd2 Rb8 38. fxe5 dxe5 39. Kh3 Rb2 40. Rf2 Rc3 41. Be2 Rb1 0-1

[Event "SRB-chT (Women)"]
[Site "Kragujevac"]
[Date "2016.09.29"]
[Round "8.2"]
[White "Stojanovic, Andjelija"]
[Black "Grujic, Danijela"]
[Result "1-0"]
[WhiteElo "2343"]
[BlackElo "2090"]
[PlyCount "67"]
[EventDate "2016.09.22"]
[EventType "team-tourn"]
[EventRounds "11"]
[EventCountry "SRB"]
[SourceTitle "CBM 174 Extra"]
[Source "ChessBase"]
[SourceDate "2016.10.10"]
[SourceVersion "1"]
[SourceVersionDate "2016.10.10"]
[SourceQuality "1"]
[WhiteTeam "BAS (W)"]
[BlackTeam "Novi Sad (W)"]
[WhiteTeamCountry "SRB"]
[BlackTeamCountry "SRB"]

1. e4 c5 2. Nf3 Nc6 3. Bb5 d6 4. 0-0 Bd7 5. c3 Nf6 6. Re1 a6 7. Bxc6 Bxc6 8. d4 Bxe4 9. Bg5 Bd5 10. Nbd2 e6 11. c4 Bxf3 12. Qxf3 cxd4 13. Qxb7 Qc8 14. Qf3 Be7 15. Nb3 h6 16. Bh4 Rb8 17. Nxd4 Rxb2 18. Nb3 Qxc4 19. Bxf6 gxf6 20. Rac1 Qb4 21. Rc8+ Bd8 22. Rec1 f5 23. Rxd8+ Kxd8 24. Qa8+ Kd7 25. Qa7+ Kd8 26. Qc7+ Ke8 27. Qc8+ Ke7 28. Rc7+ Kf6 29. Qxh8+ Kg5 30. h4+ Kg4 31. Qxb2 Qe1+ 32. Kh2 e5 33. Rxf7 f4 34. Qc2 1-0

[Event "SRB-chT (Women)"]
[Site "Kragujevac"]
[Date "2016.09.28"]
[Round "7.3"]
[White "Grujic, Danijela"]
[Black "Petrenko, Svetlana"]
[Result "0-1"]
[WhiteElo "2090"]
[BlackElo "2176"]
[PlyCount "78"]
[EventDate "2016.09.22"]
[EventType "team-tourn"]
[EventRounds "11"]
[EventCountry "SRB"]
[SourceTitle "CBM 174 Extra"]
[Source "ChessBase"]
[SourceDate "2016.10.10"]
[SourceVersion "1"]
[SourceVersionDate "2016.10.10"]
[SourceQuality "1"]
[WhiteTeam "Novi Sad (W)"]
[BlackTeam "Belgrade Radnicki (W)"]
[WhiteTeamCountry "SRB"]
[BlackTeamCountry "SRB"]

1. e4 g6 2. Nc3 Bg7 3. g3 e5 4. Bg2 d6 5. Nge2 c5 6. d3 Ne7 7. Be3 Nbc6 8. h3 h5 9. Nd5 Nxd5 10. exd5 Ne7 11. Bg5 f6 12. Bd2 Bd7 13. a3 b5 14. c4 f5 15. Rc1 bxc4 16. dxc4 a5 17. Bc3 0-0 18. f4 e4 19. 0-0 Qb6 20. Qc2 a4 21. Kh1 Rfb8 22. Bxg7 Kxg7 23. Qc3+ Kf8 24. Rc2 Qb3 25. h4 Qxc3 26. Nxc3 Rb3 27. Bh3 Ke8 28. Rfc1 Kd8 29. Kg2 Kc7 30. Kf1 Rab8 31. Re2 Ng8 32. Re3 Nf6 33. Kg2 Kb6 34. Kf2 Ka5 35. Re2 Bc8 36. Ke1 Ba6 37. Rd2 Bxc4 38. Nxa4 Bd3 39. Rc3 Kxa4 0-1

[Event "SRB-chT (Women)"]
[Site "Kragujevac"]
[Date "2016.09.24"]
[Round "3.1"]
[White "Grujic, Danijela"]
[Black "Petrovic, Tijana"]
[Result "1-0"]
[WhiteElo "2090"]
[BlackElo "1811"]
[PlyCount "55"]
[EventDate "2016.09.22"]
[EventType "team-tourn"]
[EventRounds "11"]
[EventCountry "SRB"]
[SourceTitle "CBM 174 Extra"]
[Source "ChessBase"]
[SourceDate "2016.10.10"]
[SourceVersion "1"]
[SourceVersionDate "2016.10.10"]
[SourceQuality "1"]
[WhiteTeam "Novi Sad (W)"]
[BlackTeam "Lestane (W)"]
[WhiteTeamCountry "SRB"]
[BlackTeamCountry "SRB"]

1. e4 c5 2. Nc3 d6 3. g3 Nc6 4. Bg2 g6 5. d3 Bg7 6. Be3 Rb8 7. Qd2 b5 8. f4 e6 9. Nf3 Nge7 10. 0-0 0-0 11. Nh4 Bd7 12. Rae1 a5 13. f5 f6 14. fxe6 Bxe6 15. Bh6 Bxh6 16. Qxh6 c4 17. Nd5 Bxd5 18. exd5 Nd4 19. Rf2 g5 20. Be4 Rf7 21. Rxf6 Nef5 22. Nxf5 Nxf5 23. Bxf5 Qxf6 24. Qxf6 Rxf6 25. g4 cxd3 26. cxd3 b4 27. b3 Kf8 28. Re3 1-0

[Event "SRB-chT (Women)"]
[Site "Palic"]
[Date "2014.09.04"]
[Round "6.1"]
[White "Velikic, Adela"]
[Black "Grujic, Danijela"]
[Result "0-1"]
[WhiteElo "2145"]
[BlackElo "2097"]
[PlyCount "110"]
[EventDate "2014.08.30"]
[EventType "team-tourn"]
[EventRounds "11"]
[EventCountry "SRB"]
[SourceTitle "CBM 162 Extra"]
[Source "ChessBase"]
[SourceDate "2014.10.17"]
[SourceVersion "1"]
[SourceVersionDate "2014.10.17"]
[SourceQuality "1"]
[WhiteTeam "Belgrade Radnicki (W)"]
[BlackTeam "Novi Sad DDOR (W)"]
[WhiteTeamCountry "SRB"]
[BlackTeamCountry "SRB"]

1. e4 c5 2. Nf3 Nc6 3. d4 cxd4 4. Nxd4 g6 5. c4 Nf6 6. Nc3 Nxd4 7. Qxd4 d6 8. Be2 Bg7 9. Be3 0-0 10. Qd2 Qa5 11. 0-0 Be6 12. Rac1 Rfc8 13. b3 a6 14. Bf3 Rab8 15. Nd5 Qxd2 16. Bxd2 Bxd5 17. exd5 b5 18. cxb5 Rxc1 19. Rxc1 axb5 20. Kf1 h5 21. Rc7 Ra8 22. Rxe7 Rxa2 23. Be1 Ra3 24. b4 Ng4 25. Bxg4 hxg4 26. Rb7 Ra1 27. Ke2 Bd4 28. Rxb5 Ra2+ 29. Kf1 Ra1 30. Rb8+ Kg7 31. Rc8 Kf6 32. Ke2 Ke5 33. Rc7 f6 34. Rc2 Rb1 35. Bd2 Kxd5 36. Ra2 Rb3 37. Ra5+ Kc4 38. Ra6 Be5 39. g3 Rb2 40. Rc6+ Kd5 41. Rc1 Bd4 42. Kd3 f5 43. Rf1 Rb3+ 44. Ke2 Ke4 45. Rc1 Rb2 46. Rc8 Bxf2 47. Re8+ Kd5 48. Rg8 Bg1 49. Kd3 Bxh2 50. Bf4 Bxg3 51. Bxg3 Rb3+ 52. Ke2 Rxg3 53. Rxg6 Rb3 54. Rf6 Ke5 55. Rf8 Rxb4 0-1

[Event "SRB-chT (Women)"]
[Site "Palic"]
[Date "2014.09.02"]
[Round "4.2"]
[White "Nestorovic, Irena"]
[Black "Grujic, Danijela"]
[Result "0-1"]
[WhiteElo "2009"]
[BlackElo "2097"]
[PlyCount "114"]
[EventDate "2014.08.30"]
[EventType "team-tourn"]
[EventRounds "11"]
[EventCountry "SRB"]
[SourceTitle "CBM 162 Extra"]
[Source "ChessBase"]
[SourceDate "2014.10.17"]
[SourceVersion "1"]
[SourceVersionDate "2014.10.17"]
[SourceQuality "1"]
[WhiteTeam "Novi Sad SK (W)"]
[BlackTeam "Novi Sad DDOR (W)"]
[WhiteTeamCountry "SRB"]
[BlackTeamCountry "SRB"]

1. d4 d5 2. c4 e6 3. Nc3 c5 4. cxd5 exd5 5. Nf3 Nc6 6. g3 Nf6 7. Bg2 Be7 8. 0-0 0-0 9. Bg5 c4 10. Ne5 Be6 11. b3 Qa5 12. Na4 Rac8 13. Bd2 Qa6 14. Be3 Rfd8 15. f4 Bf5 16. Qd2 b5 17. Nc5 Bxc5 18. Nxc6 Qxc6 19. dxc5 Ne4 20. Bxe4 Bxe4 21. Bd4 Qg6 22. Rf2 h5 23. Qc3 f6 24. Kf1 Re8 25. b4 Qf5 26. a4 a6 27. Kg1 Ra8 28. Ra3 Qg4 29. Qa1 Rab8 30. axb5 axb5 31. Ra7 Re6 32. Ra6 Rxa6 33. Qxa6 h4 34. Qa3 Re8 35. c6 Rc8 36. Kf1 Rxc6 37. gxh4 c3 38. Bc5 c2 39. Ke1 Ra6 40. Qc1 Qxh4 41. Kd2 Qh3 42. Be3 Ra4 43. Qb2 Qc8 44. Bc5 Qa8 45. Rf1 Ra2 46. Qc1 Qa4 47. Rg1 Qb3 48. h4 d4 49. Bxd4 Qxb4+ 50. Ke3 Qe7 51. Bxf6 Qxf6 52. Kxe4 Qe6+ 53. Kf3 Qd5+ 54. Kf2 b4 55. Qe3 Qf7 56. Qe5 Qa7+ 57. Kg2 Qxg1+ 0-1

[Event "SRB-chT (Women)"]
[Site "Kragujevac"]
[Date "2013.08.29"]
[Round "6.5"]
[White "Grujic, Danijela"]
[Black "Rapport, Jovana"]
[Result "1-0"]
[WhiteElo "2124"]
[BlackElo "2376"]
[PlyCount "117"]
[EventDate "2013.08.24"]
[EventType "team-tourn"]
[EventRounds "11"]
[EventCountry "SRB"]
[SourceTitle "CBM 156 Extra"]
[Source "ChessBase"]
[SourceDate "2013.10.22"]
[SourceVersion "1"]
[SourceVersionDate "2013.10.22"]
[SourceQuality "1"]
[WhiteTeam "Novi Sad (W)"]
[BlackTeam "Goracici Jelica (W)"]
[WhiteTeamCountry "SRB"]
[BlackTeamCountry "SRB"]

1. e4 e6 2. d4 d5 3. e5 c5 4. c3 Nc6 5. Nf3 Bd7 6. Be2 f6 7. 0-0 fxe5 8. dxe5 Nh6 9. Re1 Qc7 10. c4 d4 11. Na3 Be7 12. Bd3 Nf7 13. h4 Nb4 14. Be4 Bc6 15. Nb5 Qd7 16. Ng5 Bxg5 17. hxg5 a6 18. Bxc6 Nxc6 19. Nd6+ Nxd6 20. exd6 0-0 21. Qg4 Rf5 22. Bf4 Raf8 23. Bg3 Nd8 24. Re2 Nf7 25. Rae1 Nxg5 26. Bh4 d3 27. Rd2 h5 28. Qg3 Nh7 29. Be7 R8f7 30. Qxd3 Nf6 31. Qc2 e5 32. f3 h4 33. Bxf6 R7xf6 34. Qe4 h3 35. Qd5+ Kh7 36. Rxe5 hxg2 37. Rxg2 Rxe5 38. Rh2+ Kg6 39. Qxe5 Rf5 40. Rg2+ Kh7 41. Qe4 Kg8 42. Rg6 Rf8 43. Re6 Rd8 44. Qg6 Qf7 45. Qg5 Qxe6 46. Qxd8+ Kh7 47. Qe7 Qg6+ 48. Kf2 Qh6 49. Kg3 Qc1 50. Qe4+ Kh8 51. Qe8+ Kh7 52. Qh5+ Kg8 53. Qd5+ Kh7 54. d7 Qg1+ 55. Kf4 Qc1+ 56. Kf5 g6+ 57. Ke6 Qe3+ 58. Qe5 Qd2 59. Ke7 1-0

[Event "SRB-chT (Women)"]
[Site "Kragujevac"]
[Date "2013.08.27"]
[Round "4.4"]
[White "Grujic, Danijela"]
[Black "Tomin, Ksenija"]
[Result "1/2-1/2"]
[WhiteElo "2124"]
[BlackElo "1926"]
[PlyCount "106"]
[EventDate "2013.08.24"]
[EventType "team-tourn"]
[EventRounds "11"]
[EventCountry "SRB"]
[SourceTitle "CBM 156 Extra"]
[Source "ChessBase"]
[SourceDate "2013.10.22"]
[SourceVersion "1"]
[SourceVersionDate "2013.10.22"]
[SourceQuality "1"]
[WhiteTeam "Novi Sad (W)"]
[BlackTeam "Petrovaradin (W)"]
[WhiteTeamCountry "SRB"]
[BlackTeamCountry "SRB"]

1. e4 c5 2. Nf3 e6 3. c3 Nf6 4. Bd3 Nc6 5. 0-0 Be7 6. Re1 d6 7. Bc2 e5 8. h3 0-0 9. d4 cxd4 10. cxd4 Qb6 11. d5 Nb4 12. Bb3 Bd7 13. a3 Na6 14. Nc3 Nc5 15. Bc2 a5 16. Rb1 Rfc8 17. Be3 Qd8 18. b4 axb4 19. axb4 Na6 20. Bd2 Be8 21. Bd3 Nd7 22. Na4 Nb6 23. Nxb6 Qxb6 24. Be3 Qd8 25. Qb3 Bd7 26. Nd2 Bg5 27. Nc4 Bxe3 28. Rxe3 Be8 29. Ree1 b5 30. Ne3 Nc7 31. Ra1 Ra4 32. Qb2 Rca8 33. Bc2 Rxa1 34. Rxa1 Bd7 35. Rxa8 Qxa8 36. Qc3 Qa7 37. Bd3 h6 38. Nf5 Bxf5 39. exf5 Nxd5 40. Qc8+ Kh7 41. f6+ g6 42. Qf8 Nxf6 43. Qxd6 Qa1+ 44. Kh2 Kg7 45. Bxb5 Ne4 46. Qd5 Nf6 47. Qc4 Qe1 48. Qc5 Qa1 49. Bc4 Qc1 50. Qe7 Qf4+ 51. Kg1 Qc1+ 52. Kh2 Qf4+ 53. Kg1 Qc1+ 1/2-1/2

[Event "SRB-chT (Women)"]
[Site "Kragujevac"]
[Date "2013.08.24"]
[Round "1.5"]
[White "Prodanovic, Svetlana"]
[Black "Grujic, Danijela"]
[Result "0-1"]
[WhiteElo "2110"]
[BlackElo "2124"]
[PlyCount "86"]
[EventDate "2013.08.24"]
[EventType "team-tourn"]
[EventRounds "11"]
[EventCountry "SRB"]
[SourceTitle "CBM 156 Extra"]
[Source "ChessBase"]
[SourceDate "2013.10.22"]
[SourceVersion "1"]
[SourceVersionDate "2013.10.22"]
[SourceQuality "1"]
[WhiteTeam "Debrc (W)"]
[BlackTeam "Novi Sad (W)"]
[WhiteTeamCountry "SRB"]
[BlackTeamCountry "SRB"]

1. d4 d5 2. c4 e6 3. Nc3 c5 4. e3 Nf6 5. Nf3 Nc6 6. Be2 dxc4 7. 0-0 a6 8. dxc5 Qxd1 9. Rxd1 Bxc5 10. Bxc4 b5 11. Be2 Bb7 12. a3 Rc8 13. b4 Bb6 14. Bb2 0-0 15. h3 h6 16. Rac1 Ne7 17. Ne5 Rfd8 18. Rxd8+ Rxd8 19. Rd1 Ned5 20. Nxd5 Rxd5 21. Rxd5 Bxd5 22. Bf3 Bxf3 23. Nxf3 Nd5 24. Kf1 f6 25. Ke2 Kf7 26. g3 e5 27. e4 Ne7 28. Nd2 Nc6 29. Nb3 a5 30. bxa5 Nxa5 31. Nxa5 Bxa5 32. f4 exf4 33. gxf4 g5 34. fxg5 fxg5 35. Kf3 Kg6 36. Bd4 Bc7 37. Bc5 h5 38. Ke3 Be5 39. Kf3 Kf7 40. Ke3 Ke6 41. Bb6 Bd6 42. Bd8 Bxa3 43. Bxg5 Bc1+ 0-1

[Event "Maccabiah op"]
[Site "Jerusalem"]
[Date "2013.07.25"]
[Round "7"]
[White "Porat, Hen"]
[Black "Grujic, Danijela"]
[Result "1-0"]
[WhiteElo "1841"]
[BlackElo "2124"]
[PlyCount "137"]
[EventDate "2013.07.21"]
[EventType "swiss"]
[EventRounds "9"]
[EventCountry "ISR"]
[SourceTitle "EXT 2014"]
[Source "ChessBase"]
[SourceDate "2013.11.20"]
[SourceVersion "1"]
[SourceVersionDate "2013.11.20"]
[SourceQuality "1"]

1. e4 c5 2. Nf3 Nc6 3. d4 cxd4 4. Nxd4 g6 5. c4 Bg7 6. Be3 Nf6 7. Nc3 Ng4 8. Qxg4 Nxd4 9. Qd1 Ne6 10. Qd2 Qa5 11. Rc1 d6 12. Be2 Bd7 13. 0-0 Bc6 14. f3 g5 15. Rfd1 Rc8 16. b3 Be5 17. Nd5 Qxd2 18. Rxd2 Bxd5 19. exd5 Bf4 20. Bxf4 Nxf4 21. g3 Ng6 22. Re1 Ne5 23. Bd1 h5 24. f4 gxf4 25. gxf4 Ng6 26. Re4 Nh4 27. Rf2 Nf5 28. Rg2 Kd7 29. Rg5 Rcg8 30. Kf2 Rxg5 31. fxg5 e5 32. dxe6+ fxe6 33. h4 b6 34. Rf4 Ke7 35. Bc2 Ng7 36. Bg6 Rf8 37. Rxf8 Kxf8 38. Kf3 Ke7 39. Ke4 a5 40. Kf4 Kf8 41. Ke3 Ke7 42. Kd3 Kd7 43. a3 Ke7 44. b4 axb4 45. axb4 Kd7 46. Ke4 Ke7 47. Kd4 Kd7 48. c5 bxc5+ 49. bxc5 dxc5+ 50. Kxc5 Kc7 51. Be4 Kd7 52. Bg6 Kc7 53. Kd4 Kd6 54. Ke4 Ke7 55. Ke5 Kf8 56. Kf6 Nf5 57. Bxf5 exf5 58. Kxf5 Kg7 59. Ke5 Kf7 60. Kd6 Kf8 61. Ke6 Kg8 62. Kf6 Kh7 63. Kf7 Kh8 64. Kg6 Kg8 65. Kxh5 Kg7 66. g6 Kg8 67. Kh6 Kh8 68. g7+ Kg8 69. h5 1-0

[Event "SRB-chT (Women)"]
[Site "Valjevo"]
[Date "2012.09.21"]
[Round "5.4"]
[White "Grujic, Danijela"]
[Black "Rakic, Marija"]
[Result "0-1"]
[WhiteElo "2135"]
[BlackElo "2300"]
[PlyCount "150"]
[EventDate "2012.09.17"]
[EventType "team-tourn"]
[EventRounds "11"]
[EventCountry "SRB"]
[SourceTitle "CBM 150 Extra"]
[Source "ChessBase"]
[SourceDate "2012.10.19"]
[SourceVersion "1"]
[SourceVersionDate "2012.10.19"]
[SourceQuality "1"]
[WhiteTeam "Novi Sad DDOR (W)"]
[BlackTeam "Goracici Jelica (W)"]
[WhiteTeamCountry "SRB"]
[BlackTeamCountry "SRB"]

1. e4 c5 2. Nc3 Nc6 3. g3 g6 4. Bg2 Bg7 5. d3 Rb8 6. Be3 d6 7. Qd2 b5 8. f4 b4 9. Nd1 Qb6 10. h3 Nf6 11. g4 h5 12. g5 Ng8 13. Ne2 e5 14. 0-0 Nge7 15. Kh1 0-0 16. Ng3 exf4 17. Bxf4 Qd8 18. Rb1 Be6 19. c4 bxc3 20. Nxc3 Nd4 21. b3 Nb5 22. Na4 Rc8 23. Qf2 Nc6 24. Rbd1 Ncd4 25. Ne2 Nxe2 26. Qxe2 Re8 27. Qf2 Qd7 28. Qg3 Red8 29. Be3 Nd4 30. Rf2 Nc6 31. Bc1 Nd4 32. Rdf1 Rf8 33. Bf4 Rcd8 34. Nb2 d5 35. Kh2 Nc6 36. Kh1 Bd4 37. Be3 Bxe3 38. Qxe3 Nd4 39. Na4 Qd6 40. Nc3 Qe5 41. Qf4 Qxf4 42. Rxf4 dxe4 43. dxe4 c4 44. bxc4 Bxc4 45. Rc1 Ne6 46. Rf2 Nxg5 47. Nd5 Bd3 48. Rc3 Nxe4 49. Nf6+ Nxf6 50. Rxf6 Bf5 51. Rc7 Rd1+ 52. Kh2 Rd2 53. Kg1 Be6 54. a4 a6 55. Rc6 Kg7 56. Rf2 Rd1+ 57. Kh2 Ra1 58. Rxa6 Rb8 59. Ra7 Rb4 60. a5 Rba4 61. Bc6 Rxa5 62. Rb7 R1a2 63. Rbb2 Rxb2 64. Rxb2 Ra2 65. Rxa2 Bxa2 66. h4 Kf6 67. Be4 Ke5 68. Bf3 Kf4 69. Bd1 Bd5 70. Be2 f5 71. Kh3 Ke3 72. Bf1 f4 73. Kh2 f3 74. Kg3 f2 75. Bh3 Bc4 0-1